| 000 | 01014naa a22003257a 4500 | ||
|---|---|---|---|
| 001 | BR9603775 | ||
| 003 | BR-BrBNA | ||
| 005 | 20250721155537.0 | ||
| 007 | ta | ||
| 008 | 250630b bl.|||m| |||| 00| 0 por d | ||
| 040 |
_aBR-BrBNA _bpor _cBiblioteca Nacional de Agricultura |
||
| 041 | _a(Pt) | ||
| 072 |
_aL02 _b1940 _b8951 |
||
| 090 | _aL02 BR9603775 | ||
| 100 | 1 | _aLira, M. de A. | |
| 100 | 1 | _aSilva, V.M. da | |
| 100 | 1 | _aTavares Filho, J.J. | |
| 100 | 1 | _aFernandes, A. de P.M. | |
| 100 | 1 | _aFarias, I. | |
| 100 | 1 | _aArcoverde, A.S.S. | |
| 245 | 1 | _aUtilizacao de milheto (Pennisetum americanum)sob pastejo, como suplementacao a pastagem de capim pangola | |
| 500 | _aCultura do milheto Fortaleza, CE (Brasil): 1982. p. 47-52 (BR9603775-AMS) | ||
| 650 | _aMilheto | ||
| 650 | _aCapim Pangola | ||
| 650 | _aPastagem | ||
| 650 | _aNutricao Animal | ||
| 490 |
_aMonografia - Banco do Nordeste do Brasil S.A. (Brazil) _vno. 8 |
||
| 942 |
_cAMS _2AGRIS |
||
| 909 |
_a202506 _bLúcia _c55 _dLúcia Elande |
||
| 999 |
_c337128 _d337128 |
||